Strateji sanatı : (Record no. 13329)

MARC details
000 -BAŞLIK
Sabit Uzunlukta Kontrol Alanı 01140nam a22002897a 4500
999 ## - SİSTEM KONTROL NUMARALARI (KOHA)
Koha Biblionumber 13329
Koha Biblioitemnumber 13329
003 - KONTROL NUMARASI IDENTIFIER
Denetim Alanı MIRAKIL
005 - SON İŞLEM TARİHİ VE ZAMANI
Denetim Alanı 20190620120436.0
008 - SABİT-BOY VERİ ELEMANLARI - GENEL BİLGİLER
Sabit Uzunlukta Kontrol Alanı 190620b tu ||||| |||| 00| 0 tur d
020 ## - ULUSLARARASI STANDART KİTAP NUMARASI
Uluslararası Standart Kitap Numarası 9786053324652
040 ## - KATALOGLAMA KAYNAK
Metne Dönüştürmek Ajansı TR-AnCHP
Orijinal Kataloglama Ajansı TR-AnCHP
041 ## - DİL KODU
Metin / Ses Parça Veya Ayrı Başlığın Dil Kodu tur
082 ## - DEWEY ONLU SINIFLANDIRMA NUMARASI
Sınıflandırma Numarası 650.1
Ürün Numarası D58s 2015
100 1# - ANA GİRİŞ - KİŞİSEL İSİM
Kişisel Ad Dixit, Avinash K,
245 10 - BAŞLIK TABLOSU
Başlık Strateji sanatı :
Başlığın Kalan oyun kuramı ile iş hayatında başarı /
Sorumluluk Tablosu, Vb Avinash K. Dixit, Barry J. Nalebuff ; çeviren Ümit Şensoy.
246 18 - UNVAN FORM VARYING
Başlık Doğru / Kısa Başlığı oyun kuramı ile iş hayatında başarı
260 ## - YAYIN, DAĞITIM, VB
Yayın, Dağıtım, Vb Yeri İstanbul :
Yayıncı, Dağıtıcı, Vs Adı Türkiye İş Bankası Kültür Yayınları,
Yayın, Dağıtım, Vb Tarihi 2015.
300 ## - FİZİKSEL TANIM
Kapsam xx,, 527 s. :
Diğer Fiziksel Ayrıntıları tbl. ;
Boyutlar 23 sm.
440 #0 - SERİSİ TABLOSU / KATMA GİRİŞİ - BAŞLIK
Başlık Türkiye İş Bankası Kültür Yayınları ;
Hacim / Ardışık Tanımı Genel Yayın: 3311.
500 ## - GENEL NOT
Genel Not Yapıtın özgün adı: The art of strategy : a game theorist's guide to success in business and life.
504 ## - KAYNAKÇA VB NOT
Kaynakça Vb Notu Bibliyografik bilgi içermektedir.
650 #0 - KONU KATMA GİRİŞ - TOPİKAL DÖNEM
Topikal Süreli Veya Coğrafi Ad Giriş Elemanı Stratejik planlama
9 (RLIN) 829
650 #0 - KONU KATMA GİRİŞ - TOPİKAL DÖNEM
Topikal Süreli Veya Coğrafi Ad Giriş Elemanı Başarı, iş yaşamında
9 (RLIN) 5435
700 1# - KATMA GİRİŞ - KİŞİSEL İSİM
Kişisel Ad Nalebuff, Barry,
Bir Adıyla İlişkilendirilen Tarihler 1958-
700 1# - KATMA GİRİŞ - KİŞİSEL İSİM
Kişisel Ad Şensoy, Ümit,
Relator Terim çev.
740 ## - KATMA GİRİŞ - KONTROLSUZ İLGİLİ / ANALİTİK BAŞLIK
Kontrol Edilmeyen / İlgili Analitik Başlıktaki oyun kuramı ile iş hayatında başarı
942 ## - EKLENDİ GİRİŞ ELEMANLARI (KOHA)
Sınıflandırma Veya Raf Düzeni Kaynak Dewey Decimal Classification
Koha Öğesi Türü Books
Holdings
Kalıcı Konum Mevcut Konum Edinme Tarihi Toplam Check-Out'Lar Tam Çağrı Numarası Barkod Tarih Son Görülme İtibaren Geçerli Fiyatlar Koha Öğesi Türü
CHP Kütüphanesi CHP Kütüphanesi 06/20/2019   650.1 D58s 2015 019225 06/20/2019 06/20/2019 Books